Global politics of unequal development (Record no. 4520)

MARC details
000 -LEADER
fixed length control field 00432nam a2200169Ia 4500
020 ## - INTERNATIONAL STANDARD BOOK NUMBER
ISBN 0-333-74071-8
082 ## - DEWEY DECIMAL CLASSIFICATION NUMBER
Classification number 327 PAY-G
100 ## - MAIN ENTRY--AUTHOR NAME
Personal name Payne, Anthony
245 #0 - TITLE STATEMENT
Title Global politics of unequal development
260 ## - PUBLICATION, DISTRIBUTION, ETC. (IMPRINT)
Place of publication Hampshire
Name of publisher Palgrave Macmillan
Year of publication 2005
300 ## - PHYSICAL DESCRIPTION
Number of Pages xii, 304
504 ## - BIBLIOGRAPHY, ETC. NOTE
Bibliography, etc includes index
650 ## - SUBJECT ADDED ENTRY--TOPICAL TERM
Topical Term World politics
650 ## - SUBJECT ADDED ENTRY--TOPICAL TERM
Topical Term International relations
650 ## - SUBJECT ADDED ENTRY--TOPICAL TERM
Topical Term International politics
942 ## - ADDED ENTRY ELEMENTS (KOHA)
Koha item type Books
Holdings
Withdrawn status Lost status Damaged status Not for loan Home library Current library Date acquired Source of acquisition Bill Date Full call number Accession Number Price effective from Koha item type
        NASSDOC Library NASSDOC Library 20/01/2006 AAKAR 2005-09-27 327 PAY-G 41222 18/04/2019 Books